000 00621nam a22001817a 4500
005 20251108164214.0
008 250721s1991 xx 000 0 ara d
082 1 4 _a215.65/موق
245 1 0 _aموقف الأمة الإسلامية من القاديانية /
264 1 _aدمشق :
_bدار قتيبة للطباعة و النشر و التوزيع،
_c1991.
300 _a185ص.
650 1 7 _aالفرق الإسلامية
650 1 7 _aدفع المطاعن عن الإسلام
653 _aالقاديانية
710 2 _aنخبة من علماء الباكستان
942 _2ddc
_cBK
999 _c6332
_d6332